000 01321nam a22003617a 4500
003 CHAP
005 20220329140156.0
008 971013s1987 r 00010 d
010 _a48086
011 _a49058
035 _a53206
040 _cCHAP
090 _aTesis
100 0 0 _aVázquez Alvarado, Jorge Miguel Paulino.
_9120300
245 _aDetección y diagnóstico de problemas para la investigación agrícola en base a la clasificación de la agricultura
260 _aChapingo, Méx. :
_bEl autor,
_c1987
300 _a138 h.
502 _aTesis (M.C. Esp. en Economía Agrícola) -- CP. Centro de Economía Agrícola
590 _aALEPH
_b10
_c20130110
_lUCH01
_h1318
590 _aBATCH-UPD
_b10
_c20130109
_lUCH01
_h2346
590 _aBATCH-UPD
_b10
_c20130110
_lUCH01
_h1143
590 _aBATCH-UPD
_b10
_c20130409
_lUCH01
_h1916
590 _aBATCH-UPD
_b10
_c20130410
_lUCH01
_h0729
590 _aBATCH-UPD
_b10
_c20130914
_lUCH01
_h0033
590 _aCONVERSION
_b10
_c20130109
_lUCH01
_h1326
650 1 4 _aAgricultura
_xInvestigacion
_xMorelos.
_91645
650 1 4 _aAgricultura
_xMorelos.
_91747
650 1 4 _aAgricultura
_xTrabajadores
_xMorelos.
_91869
901 _aBK
942 _cFOLL
949 _bBC
_cTES
_d-118128
_eTS1
_h19779
_i53206
_si
949 _bBC
_cTES
_d33724000695003
_eTS2
_fc.2
_h19780
_i53206
_si
999 _c48086
_d48086